Electrical Technology (Record no. 196271)

MARC details
000 -LEADER
fixed length control field 00424nam a2200169Ia 4500
008 - FIXED-LENGTH DATA ELEMENTS--GENERAL INFORMATION
fixed length control field 230714s9999 xx 000 0 und d
041 ## - LANGUAGE CODE
Language code of text/sound track or separate title eng
082 ## - DEWEY DECIMAL CLASSIFICATION NUMBER
Classification number 621.37
Item number BAK
100 ## - MAIN ENTRY--PERSONAL NAME
Personal name Bakshi U.A.
245 ## - TITLE STATEMENT
Title Electrical Technology
250 ## - EDITION STATEMENT
Edition statement 3rd Revised ed.
260 ## - PUBLICATION, DISTRIBUTION, ETC. (IMPRINT)
Date of publication, distribution, etc. 2007
Name of publisher, distributor, etc. Technical
300 ## - PHYSICAL DESCRIPTION
Extent 668
365 ## - TRADE PRICE
Currency code Rs.
Price amount 325.00
700 ## - ADDED ENTRY--PERSONAL NAME
Personal name Bakshi U.A. & Bakshi V.U.
906 ## - LOCAL DATA ELEMENT F, LDF (RLIN)
d B:203111-Dec-2008
c SS
b 276.25

No items available.